[Event "Coppa Italia"]
[Site "ITA"]
[Date "1995.??.??"]
[Round "?"]
[White "Demeo, Antonio"]
[Black "Alaimo, Riccardo"]
[Result "1-0"]
[WhiteElo "1732"]
[BlackElo "1903"]
[PlyCount "93"]
[EventDate "1995.??.??"]

1. e4 c5 2. Nf3 d6 3. d4 cxd4 4. Nxd4 Nf6 5. Nc3 a6 6. Be2 e5 7. Nb3 Be7 8. O-O
O-O 9. Be3 Be6 10. f4 Qc7 11. f5 Bc4 12. Bxc4 Qxc4 13. Nd2 Qc6 14. Qf3 Nbd7 15.
Rac1 Nb6 16. Kh1 d5 17. Bxb6 dxe4 18. Qe3 Nd7 19. Ba5 b6 20. Bxb6 Nxb6 21.
Ndxe4 Nc4 22. Qg3 f6 23. b3 Nb6 24. Rcd1 Rfd8 25. Qf3 Bb4 26. Rd3 Rxd3 27. Qxd3
Rc8 28. Qxa6 Bxc3 29. Nxc3 Qxc3 30. Qxb6 Qxc2 31. a4 Rc3 32. Qd8+ Kf7 33. Qd7+
Kf8 34. b4 Rd3 35. Qb5 Rd1 36. a5 Qb1 37. Qc5+ Kf7 38. Rxd1 Qxd1+ 39. Qg1 Qd7
40. Qf1 Qd5 41. b5 e4 42. a6 Qc5 43. b6 Qxb6 44. Qc4+ Ke7 45. Qe6+ Qxe6 46.
fxe6 e3 47. Kg1 1-0

[Event "Coppa Italia"]
[Site "ITA"]
[Date "1995.??.??"]
[Round "?"]
[White "Gallo Carrabba, Angelo"]
[Black "Alaimo, Riccardo"]
[Result "0-1"]
[WhiteElo "1561"]
[BlackElo "1903"]
[PlyCount "64"]
[EventDate "1995.??.??"]

1. d4 Nf6 2. Nf3 c5 3. c3 d5 4. Bg5 e6 5. Nbd2 Nc6 6. e3 Be7 7. Bd3 Qb6 8. Rb1
O-O 9. O-O h6 10. Bh4 Nd7 11. Bxe7 Nxe7 12. Re1 Qc7 13. e4 dxe4 14. Nxe4 b6 15.
Rc1 Bb7 16. Bb1 Nd5 17. Qc2 N5f6 18. Nxf6+ Nxf6 19. Ne5 Rfd8 20. dxc5 Qxc5 21.
Nxf7 Kxf7 22. Qg6+ Kf8 23. Rxe6 Qg5 24. Qxg5 hxg5 25. Bg6 Rd2 26. Rce1 Rad8 27.
h3 Rd1 28. Rxd1 Rxd1+ 29. Kh2 Rd2 30. Re5 g4 31. Rf5 gxh3 32. Kxh3 Bc8 0-1

[Event "Coppa Italia"]
[Site "ITA"]
[Date "1995.??.??"]
[Round "?"]
[White "Persiano, Giuseppe"]
[Black "Zarba, Calogero"]
[Result "0-1"]
[WhiteElo "1468"]
[BlackElo "1720"]
[PlyCount "42"]
[EventDate "1995.??.??"]

1. e4 e5 2. Nf3 Nc6 3. d4 exd4 4. Bc4 Nf6 5. O-O Bc5 6. e5 d5 7. exf6 dxc4 8.
Re1+ Be6 9. fxg7 Rg8 10. Ng5 Qe7 11. Nxe6 fxe6 12. Qh5+ Kd7 13. Bh6 Nb4 14. Na3
Rad8 15. Re4 Kc8 16. Nxc4 Nxc2 17. Rc1 d3 18. Qh3 Nd4 19. Rd1 Kb8 20. Rxd3 Qf6
21. Rf4 Ne2+ 0-1

[Event "XXVII C.to Italiano a squadre A1"]
[Site "ITA"]
[Date "1995.??.??"]
[Round "?"]
[White "Belotti, Bruno"]
[Black "Luciani, Carlo"]
[Result "1-0"]
[WhiteElo "2405"]
[BlackElo "2275"]
[PlyCount "80"]
[EventDate "1995.01.25"]

1. d4 c5 2. d5 e5 3. e4 d6 4. Nf3 Nf6 5. Nc3 g6 6. Be2 Bg7 7. O-O O-O 8. Nd2 a6
9. a4 b6 10. Nc4 Ne8 11. f4 f5 12. fxe5 dxe5 13. d6 Be6 14. Nd5 Nd7 15. Ne7+
Kh8 16. Bg5 Qb8 17. Nc6 Qc8 18. Nd8 Bg8 19. Be7 Nef6 20. exf5 gxf5 21. Rxf5
Rxd8 22. Bxd8 Qxd8 23. Ne3 Bf7 24. Rf1 Bg6 25. Bc4 e4 26. Qe2 Ne5 27. Bxa6 Qxd6
28. Rad1 Qe6 29. Bc4 Nxc4 30. Qxc4 Qc6 31. b3 Nd7 32. Nf5 Ne5 33. Qd5 Qxd5 34.
Rxd5 Ng4 35. Nxg7 Kxg7 36. Rd7+ Kh6 37. Re1 Ne5 38. Rd6 Kg7 39. Rxb6 Rd8 40.
Rb5 Rd5 1-0

[Event "XXVII C.to Italiano a squadre A1"]
[Site "ITA"]
[Date "1995.??.??"]
[Round "?"]
[White "Belotti, Bruno"]
[Black "Malloni, Marcello"]
[Result "0-1"]
[WhiteElo "2405"]
[BlackElo "2195"]
[PlyCount "122"]
[EventDate "1995.01.25"]

1. Nf3 Nf6 2. g3 d5 3. Bg2 c6 4. O-O Bf5 5. d3 h6 6. Nbd2 e6 7. Qe1 Bh7 8. e4
Be7 9. Ne5 O-O 10. f4 dxe4 11. dxe4 Nbd7 12. Nd3 Qc7 13. Qe2 Rad8 14. Nf2 a5
15. a4 Nc5 16. Nc4 Ra8 17. Bd2 Nfd7 18. Bc3 Bf6 19. e5 Be7 20. b3 b6 21. Rfd1
Rfd8 22. Rd2 Nb8 23. Rxd8+ Bxd8 24. Rd1 Be7 25. Nd6 Nba6 26. Nb5 Qc8 27. Nd4
Nb8 28. Rd2 Ra7 29. Nd1 Nca6 30. Ne3 Nb4 31. Bb2 Rd7 32. c3 Nd5 33. Nc4 Bc5 34.
Kh1 Rd8 35. Nf3 Ne7 36. Nd4 Nd5 37. Qd1 Qc7 38. Ne2 Be7 39. Ba3 Bxa3 40. Nxa3
Rd7 41. Nc4 Na6 42. Nb2 Nc5 43. Rd4 Ne3 44. Rxd7 Nxd7 45. Qd2 Nxg2 46. Kxg2 Nc5
47. Nc1 Be4+ 48. Kg1 Bd5 49. Qd1 Nd7 50. h3 c5 51. Kh2 Ba8 52. Nc4 Qc6 53. Qf1
Qe4 54. Nd3 Bd5 55. Nd6 Qe3 56. c4 Bc6 57. Nc1 Bf3 58. Nb5 h5 59. Na3 f6 60.
exf6 Nxf6 61. Nc2 Qd2+ 0-1

[Event "XXVII C.to Italiano a squadre A1"]
[Site "ITA"]
[Date "1995.??.??"]
[Round "?"]
[White "Borgo, Giulio"]
[Black "Gervasi, Giancarlo"]
[Result "1-0"]
[WhiteElo "2345"]
[BlackElo "2325"]
[PlyCount "67"]
[EventDate "1995.01.25"]

1. e4 Nf6 2. d3 e5 3. Nf3 Nc6 4. c3 d5 5. Nbd2 Bc5 6. b4 Bb6 7. Be2 O-O 8. O-O
Re8 9. a3 a5 10. b5 Nb8 11. Qc2 Bg4 12. Bb2 Nbd7 13. Rfe1 Bh5 14. Bf1 c6 15.
bxc6 bxc6 16. d4 Bxf3 17. gxf3 Nh5 18. Kh1 Qh4 19. exd5 exd4 20. Nc4 d3 21.
Bxd3 Bc5 22. dxc6 Nb6 23. Re4 Nf4 24. Nxb6 Bxb6 25. Rg1 Bc7 26. c4 Rxe4 27.
Bxe4 Ne6 28. f4 Rd8 29. f3 Bxf4 30. Bd5 Be3 31. Bxe6 fxe6 32. c7 Rc8 33. Rxg7+
Kf8 34. Kg2 1-0

[Event "XXVII C.to Italiano a squadre A1"]
[Site "ITA"]
[Date "1995.??.??"]
[Round "?"]
[White "Borgo, Giulio"]
[Black "Iotti, Pierluigi"]
[Result "1/2-1/2"]
[WhiteElo "2345"]
[BlackElo "2275"]
[PlyCount "94"]
[EventDate "1995.01.25"]

1. e4 e6 2. d4 d5 3. Nc3 Bb4 4. e5 Qd7 5. Bd2 b6 6. Qg4 f5 7. Qf4 Ba6 8. Bxa6
Nxa6 9. h4 Nb8 10. Nge2 Nc6 11. O-O-O O-O-O 12. Rh3 Nh6 13. Rg1 Rhg8 14. Nd1
Be7 15. Qf3 Nf7 16. g4 Nfxe5 17. dxe5 Nxe5 18. Qg3 Nxg4 19. Bg5 Bd6 20. Qd3
Rde8 21. f3 Ne5 22. Qa6+ Kb8 23. Bf4 Nc4 24. Bxd6 Nxd6 25. f4 e5 26. fxe5 Rxe5
27. Ndc3 Rge8 28. Rd1 c6 29. a4 Nb7 30. b4 Re3 31. Rxe3 Rxe3 32. Rd3 Qe7 33.
Nd4 Re1+ 34. Kd2 Nd8 35. Nxf5 Qe5 36. Nd6 Qe6 37. Nf5 Rh1 38. Ne3 Nb7 39. Ne2
Rxh4 40. Nd4 Qf6 41. c3 Qf2+ 42. Kc1 Rh1+ 43. Nd1 Qa2 44. Rd2 Qa1+ 45. Kc2 Qa2+
46. Kc1 Qa1+ 47. Kc2 Qa2+ 1/2-1/2

[Event "XXVII C.to Italiano a squadre A1"]
[Site "ITA"]
[Date "1995.??.??"]
[Round "?"]
[White "Borgo, Giulio"]
[Black "Scavo, Fernando"]
[Result "1-0"]
[WhiteElo "2345"]
[BlackElo "2260"]
[PlyCount "89"]
[EventDate "1995.01.25"]

1. e4 e6 2. d4 d5 3. Nc3 Bb4 4. e5 Ne7 5. Bd2 c5 6. dxc5 Qc7 7. f4 Qxc5 8. Bd3
Nbc6 9. a3 Bxc3 10. Bxc3 Qe3+ 11. Ne2 Qb6 12. b4 a6 13. Qb1 Nf5 14. Qb2 Ne3 15.
Rg1 h5 16. Bd4 Nxd4 17. Qxd4 Qxd4 18. Nxd4 g6 19. Kd2 Nf5 20. Nxf5 gxf5 21. a4
Bd7 22. b5 axb5 23. axb5 Ke7 24. Ke3 h4 25. Rgb1 Rhg8 26. Bf1 Rgc8 27. Bd3 Rg8
28. Kf2 Rgc8 29. g3 hxg3+ 30. hxg3 Rh8 31. Kg2 Rag8 32. Ra3 Rg7 33. Be2 Rgh7
34. Rc3 Rh2+ 35. Kf3 Kd8 36. Ra1 R8h3 37. Bf1 Rh7 38. Ra8+ Ke7 39. Rc7 Rh1 40.
Bd3 Rg7 41. Rxb7 Rh3 42. Raa7 Rhxg3+ 43. Kf2 Rg2+ 44. Ke3 R7g3+ 45. Kd4 1-0

[Event "XXVII C.to Italiano a squadre A1"]
[Site "ITA"]
[Date "1995.??.??"]
[Round "?"]
[White "Borgo, Giulio"]
[Black "Verrascina, Roberto"]
[Result "1-0"]
[WhiteElo "2345"]
[BlackElo "2225"]
[PlyCount "78"]
[EventDate "1995.01.25"]

1. e4 Nc6 2. Nf3 Nf6 3. e5 Nd5 4. c4 Nb6 5. c5 Nd5 6. Bc4 e6 7. d4 b6 8. cxb6
axb6 9. O-O Be7 10. Nc3 Ncb4 11. Bd2 Bb7 12. a3 Nxc3 13. bxc3 Nc6 14. a4 Na5
15. Bd3 Bd5 16. Bc2 d6 17. Re1 Qd7 18. Ng5 dxe5 19. dxe5 Nc4 20. Bf4 Qc6 21.
Qh5 g6 22. Qh3 Na3 23. Bd1 h6 24. Bc1 Nc4 25. Bf3 Nxe5 26. Bxd5 Qxd5 27. Bf4
Nd3 28. c4 Qxc4 29. Qf3 Ra7 30. Re4 Qc3 31. Be5 Qc6 32. Qxf7+ Kd7 33. Qxe6+
Qxe6 34. Nxe6 Kxe6 35. Bxh8+ Kf7 36. Rd1 Ra8 37. Rxd3 Bc5 38. Rd7+ Kg8 39. Bf6
Rf8 1-0

[Event "XXVII C.to Italiano a squadre A1"]
[Site "ITA"]
[Date "1995.??.??"]
[Round "?"]
[White "Castelfranchi, Carlo"]
[Black "Mariotti, Sergio"]
[Result "0-1"]
[WhiteElo "2255"]
[BlackElo "2435"]
[PlyCount "84"]
[EventDate "1995.01.25"]

1. e4 c5 2. Nf3 e6 3. d4 cxd4 4. Nxd4 a6 5. Bd3 Nf6 6. O-O Nc6 7. Nxc6 dxc6 8.
Qe2 e5 9. h3 Be6 10. Be3 Nd7 11. Nd2 Bd6 12. Bc4 Qe7 13. Rfd1 O-O 14. Qh5 g6
15. Qe2 Nc5 16. Bxe6 Nxe6 17. Nf3 Bc7 18. Rd2 Rfd8 19. Rad1 Kg7 20. Rxd8 Rxd8
21. Rxd8 Nxd8 22. Qd2 f6 23. Qc3 Ne6 24. a4 Bd6 25. b3 h5 26. Qc4 Kf7 27. g3
Bc5 28. Bxc5 Qxc5 29. Qxc5 Nxc5 30. Nd2 b5 31. a5 Nb7 32. b4 c5 33. c3 cxb4 34.
cxb4 Nd8 35. Nb3 Nc6 36. Kf1 Nxb4 37. Ke2 Ke7 38. Kd2 Kd6 39. Kc3 Nc6 40. f3
Nd8 41. Nc1 g5 42. Nd3 Ne6 0-1

[Event "XXVII C.to Italiano a squadre A1"]
[Site "ITA"]
[Date "1995.??.??"]
[Round "?"]
[White "Corvi, Marco"]
[Black "Luciani, Carlo"]
[Result "1-0"]
[WhiteElo "2185"]
[BlackElo "2275"]
[PlyCount "79"]
[EventDate "1995.01.25"]

1. e4 e5 2. Nf3 Nc6 3. Bb5 a6 4. Ba4 Nf6 5. O-O Nxe4 6. d4 b5 7. Bb3 d5 8. dxe5
Be6 9. Qe2 Be7 10. Rd1 O-O 11. c4 bxc4 12. Bxc4 Bc5 13. Be3 Bxe3 14. Qxe3 Qb8
15. Bb3 Na5 16. Ne1 Qb6 17. Qxb6 cxb6 18. f3 Nxb3 19. axb3 Nc5 20. b4 Nd7 21.
Nd3 Rfc8 22. Nc3 Rc4 23. Nb5 Kf8 24. Nd6 Rc2 25. Rac1 Rxc1 26. Rxc1 g5 27. g3
Ke7 28. f4 gxf4 29. gxf4 Bh3 30. Kf2 Rg8 31. Rc6 d4 32. f5 Rg2+ 33. Kf3 f6 34.
Nc8+ Kd8 35. e6 Rd2 36. e7+ Ke8 37. Re6 Rxd3+ 38. Kf2 Rd2+ 39. Kg3 Rd3+ 40. Kh4
1-0

[Event "XXVII C.to Italiano a squadre A1"]
[Site "ITA"]
[Date "1995.??.??"]
[Round "?"]
[White "Corvi, Marco"]
[Black "Manca, Federico"]
[Result "0-1"]
[WhiteElo "2185"]
[BlackElo "2390"]
[PlyCount "54"]
[EventDate "1995.01.25"]

1. e4 d6 2. d4 Nf6 3. Bd3 g6 4. c3 Bg7 5. Nf3 O-O 6. h3 e5 7. Be3 Nc6 8. d5 Ne7
9. g4 c6 10. c4 b5 11. Nc3 b4 12. Ne2 cxd5 13. cxd5 Nexd5 14. exd5 e4 15. Bb5
exf3 16. Nf4 g5 17. Nh5 Nxh5 18. gxh5 Qf6 19. h6 Bxh6 20. Qd2 Bg7 21. Bxg5 Qxb2
22. Qxb2 Bxb2 23. Rg1 Kh8 24. Rb1 Bc3+ 25. Kd1 Rg8 26. Rb3 Rg6 27. Be8 h6 0-1

[Event "XXVII C.to Italiano a squadre A1"]
[Site "ITA"]
[Date "1995.??.??"]
[Round "?"]
[White "D'Amore, Carlo"]
[Black "Stavru, Alessandro"]
[Result "1-0"]
[WhiteElo "2440"]
[BlackElo "2230"]
[PlyCount "109"]
[EventDate "1995.01.25"]

1. Nf3 Nf6 2. g3 d5 3. Bg2 c6 4. d3 h6 5. Nbd2 Bf5 6. b3 e6 7. Bb2 Bc5 8. e4
dxe4 9. dxe4 Nxe4 10. Nxe4 Qxd1+ 11. Rxd1 Bxe4 12. Bxg7 Rh7 13. Bd4 Nd7 14.
Bxc5 Nxc5 15. O-O Rd8 16. Rxd8+ Kxd8 17. Nd4 Rh8 18. Re1 Bxg2 19. Kxg2 Kc7 20.
Re5 Rd8 21. Rxc5 Rxd4 22. Rh5 Rd2 23. Rxh6 Kd6 24. Rh8 Rxc2 25. h4 Ke7 26. h5
Rc5 27. h6 Kf6 28. h7 Kg7 29. Rb8 Kxh7 30. Rxb7 Kg6 31. Rxa7 Rc2 32. Kf3 f5 33.
Ke3 Kf6 34. b4 Ke5 35. Ra5+ Kd6 36. Ra3 Rb2 37. Rd3+ Ke7 38. a3 e5 39. f4 e4
40. Rc3 Kd6 41. g4 fxg4 42. Kxe4 Rf2 43. Rg3 Ke6 44. Rxg4 Re2+ 45. Kd4 Kf5 46.
Rg3 Kxf4 47. Rc3 Re6 48. a4 Re4+ 49. Kc5 Ke5 50. a5 Ke6 51. Rd3 Ke7 52. a6 Rf4
53. a7 Rf8 54. Kxc6 Rc8+ 55. Kb7 1-0

[Event "XXVII C.to Italiano a squadre A1"]
[Site "ITA"]
[Date "1995.??.??"]
[Round "?"]
[White "Gasser, Giorgio"]
[Black "Anceschi, Vittorio"]
[Result "1/2-1/2"]
[WhiteElo "2300"]
[BlackElo "2280"]
[PlyCount "93"]
[EventDate "1995.01.25"]

1. e4 c5 2. Nf3 Nf6 3. e5 Nd5 4. Nc3 e6 5. Nxd5 exd5 6. d4 Nc6 7. dxc5 Bxc5 8.
Qxd5 d6 9. Bd2 Qb6 10. O-O-O Be6 11. Qe4 d5 12. Qh4 Rc8 13. Bd3 Bxf2 14. Qa4
Kf8 15. Rhf1 Bc5 16. Qf4 Nb4 17. Bxb4 Qxb4 18. Qxb4 Bxb4 19. Ng5 Ke7 20. h3 h6
21. Nxe6 fxe6 22. Rf4 Ba5 23. Rg4 g5 24. h4 Rhg8 25. hxg5 hxg5 26. c3 Bc7 27.
Rh1 Rcf8 28. c4 Bxe5 29. cxd5 exd5 30. Rh7+ Rg7 31. Rb4 b6 32. Rxg7+ Bxg7 33.
Be2 Kd6 34. Bf3 Rc8+ 35. Kd2 Rc5 36. Kd3 Bf6 37. a4 Kc6 38. Kd2 a6 39. Rb3 Rc4
40. Rd3 Rxa4 41. Bxd5+ Kc5 42. Kc2 Rb4 43. b3 Rf4 44. Bb7 a5 45. Rf3 Kb4 46.
Rxf4+ gxf4 47. Bc6 1/2-1/2

[Event "XXVII C.to Italiano a squadre A1"]
[Site "ITA"]
[Date "1995.??.??"]
[Round "?"]
[White "Gasser, Giorgio"]
[Black "Gervasi, Giancarlo"]
[Result "1-0"]
[WhiteElo "2300"]
[BlackElo "2325"]
[PlyCount "90"]
[EventDate "1995.01.25"]

1. e4 Nf6 2. e5 Nd5 3. d4 d6 4. Nf3 g6 5. c4 Nb6 6. Be2 Bg7 7. exd6 cxd6 8. O-O
O-O 9. Nc3 Bg4 10. Be3 Nc6 11. b3 d5 12. c5 Nc8 13. Nd2 Bxe2 14. Nxe2 e6 15. b4
a6 16. Qb3 N8e7 17. a4 Nf5 18. Nf3 Nxe3 19. fxe3 Bh6 20. b5 Na5 21. Qd3 Nc4 22.
Nf4 axb5 23. axb5 Qf6 24. b6 Bxf4 25. exf4 Qxf4 26. Ra7 Rxa7 27. bxa7 Ra8 28.
Ra1 b6 29. Qb3 Qc7 30. Ne5 Rxa7 31. Rxa7 Qxa7 32. Nxc4 bxc5 33. Nb2 cxd4 34.
Kf1 Kg7 35. Ke2 Qc7 36. g3 h5 37. Nd3 h4 38. Nf2 hxg3 39. hxg3 Qc4+ 40. Qd3 f5
41. Nh3 Kf6 42. Ng1 e5 43. Kd2 f4 44. gxf4 Qxd3+ 45. Kxd3 exf4 1-0

[Event "XXVII C.to Italiano a squadre A1"]
[Site "ITA"]
[Date "1995.??.??"]
[Round "?"]
[White "Gervasi, Giancarlo"]
[Black "D'Amore, Carlo"]
[Result "1/2-1/2"]
[WhiteElo "2325"]
[BlackElo "2440"]
[PlyCount "58"]
[EventDate "1995.01.25"]

1. e4 e5 2. Nf3 Nc6 3. Bb5 Nge7 4. Nc3 Ng6 5. d4 exd4 6. Nxd4 Bc5 7. Be3 Bxd4
8. Bxd4 O-O 9. O-O d6 10. Be3 f5 11. exf5 Bxf5 12. Ne2 Nce5 13. Nd4 Bd7 14. Be2
Qh4 15. Nf3 Nxf3+ 16. Bxf3 Bc6 17. Bxc6 bxc6 18. Qd4 Qh5 19. Qc4+ Kh8 20. Qxc6
Ne5 21. Qxc7 Nf3+ 22. gxf3 Rxf3 23. Kh1 Rh3 24. Qc6 Rxh2+ 25. Kg1 Rf8 26. Bf4
Rh3 27. Bxd6 Rhf3 28. Bg3 Qg4 29. Rae1 h5 1/2-1/2

[Event "XXVII C.to Italiano a squadre A1"]
[Site "ITA"]
[Date "1995.??.??"]
[Round "?"]
[White "Gervasi, Giancarlo"]
[Black "Stavru, Alessandro"]
[Result "1/2-1/2"]
[WhiteElo "2325"]
[BlackElo "2230"]
[PlyCount "106"]
[EventDate "1995.01.25"]

1. e4 c5 2. Nf3 d6 3. d4 cxd4 4. Nxd4 Nf6 5. f3 e5 6. Bb5+ Bd7 7. Bxd7+ Qxd7 8.
Nf5 d5 9. Bg5 Nc6 10. Bxf6 gxf6 11. Nc3 Bb4 12. O-O Bxc3 13. bxc3 O-O-O 14. Qe2
d4 15. Rfd1 Qc7 16. cxd4 Nxd4 17. Nxd4 Rxd4 18. Rxd4 exd4 19. Rb1 Rd8 20. Qb5
Qc6 21. Qxc6+ bxc6 22. Rb3 Kc7 23. Kf2 Re8 24. Ke2 f5 25. Kd3 fxe4+ 26. Kxd4 f5
27. Re3 Rd8+ 28. Kc3 exf3 29. gxf3 Rd5 30. Re7+ Rd7 31. Re5 Rf7 32. Kd4 Kb6 33.
a4 Rg7 34. Rxf5 Rg2 35. Rh5 Rf2 36. a5+ Ka6 37. Rc5 Rxh2 38. f4 Rd2+ 39. Ke5 h5
40. f5 h4 41. Rxc6+ Kxa5 42. Rh6 Rxc2 43. Rxh4 Kb5 44. f6 Rc8 45. f7 a5 46. Rg4
Rf8 47. Kf6 a4 48. Rg8 Rxf7+ 49. Kxf7 a3 50. Ke6 Kb4 51. Kd5 a2 52. Rg4+ Kb3
53. Rg3+ Kb2 1/2-1/2

[Event "XXVII C.to Italiano a squadre A1"]
[Site "ITA"]
[Date "1995.??.??"]
[Round "?"]
[White "Godena, Michele"]
[Black "Castelfranchi, Carlo"]
[Result "1-0"]
[WhiteElo "2430"]
[BlackElo "2255"]
[PlyCount "75"]
[EventDate "1995.01.25"]

1. e4 Nf6 2. e5 Nd5 3. d4 d6 4. Nf3 Bg4 5. Be2 e6 6. O-O Be7 7. c4 Nb6 8. exd6
cxd6 9. Nc3 O-O 10. h3 Bh5 11. Be3 d5 12. cxd5 exd5 13. Ne5 Bxe2 14. Qxe2 N8d7
15. Qf3 Nf6 16. Bg5 Rc8 17. Rfe1 h6 18. Bh4 Nc4 19. Nxc4 dxc4 20. Qxb7 Rc7 21.
Qf3 Qxd4 22. Bxf6 Bxf6 23. Nb5 Qc5 24. Nxc7 Qxc7 25. Rab1 Rb8 26. Qe2 Qf4 27.
g3 Qc7 28. Rec1 Bd4 29. Kh2 Rc8 30. Rc2 Qb6 31. Rd1 c3 32. bxc3 Rxc3 33. Rxc3
Bxc3 34. Qe8+ Kh7 35. Qxf7 Bf6 36. Kg2 a5 37. Qd5 a4 38. Qe4+ 1-0

[Event "XXVII C.to Italiano a squadre A1"]
[Site "ITA"]
[Date "1995.??.??"]
[Round "?"]
[White "Iannaccone, Ernesto"]
[Black "Anceschi, Vittorio"]
[Result "1-0"]
[WhiteElo "2375"]
[BlackElo "2280"]
[PlyCount "77"]
[EventDate "1995.01.25"]

1. d4 f5 2. g3 Nf6 3. Bg2 g6 4. Nf3 Bg7 5. O-O O-O 6. b3 d6 7. Bb2 a5 8. Nbd2
Na6 9. c4 c5 10. e3 a4 11. Bc3 a3 12. Qc2 Qb6 13. Rfe1 Nb4 14. Bxb4 Qxb4 15.
Rad1 Ra5 16. Re2 Qb6 17. Rb1 Qa7 18. b4 cxb4 19. Rxb4 e5 20. Nb3 e4 21. Nxa5
exf3 22. Bxf3 Qxa5 23. Qa4 Qc7 24. Qxa3 Ne4 25. Qb3 Kh8 26. Rc2 h5 27. Rb6 h4
28. c5 hxg3 29. hxg3 Ng5 30. Bg2 f4 31. gxf4 Nh3+ 32. Kf1 dxc5 33. Rxc5 Qe7 34.
Rxg6 Qh4 35. Rg3 Bg4 36. Bxh3 Bxh3+ 37. Kg1 Rf6 38. Qxb7 Bg4 39. Rg5 1-0

[Event "XXVII C.to Italiano a squadre A1"]
[Site "ITA"]
[Date "1995.??.??"]
[Round "?"]
[White "Iannaccone, Ernesto"]
[Black "D'Amore, Carlo"]
[Result "1/2-1/2"]
[WhiteElo "2375"]
[BlackElo "2440"]
[PlyCount "111"]
[EventDate "1995.01.25"]

1. d4 d6 2. e4 g6 3. Nf3 Bg7 4. Bd3 Nc6 5. c3 e5 6. dxe5 dxe5 7. O-O f6 8. Qe2
Qe7 9. a4 Nh6 10. b4 Nd8 11. Rd1 Nhf7 12. Ne1 O-O 13. b5 Nd6 14. Ba3 N8f7 15.
c4 c6 16. Nc3 Rd8 17. a5 a6 18. bxc6 bxc6 19. Na4 Qc7 20. Bc5 Re8 21. Nb6 Rb8
22. f3 Nb7 23. Be3 Bf8 24. Qf2 Qe7 25. Nxc8 Rexc8 26. c5 Nxc5 27. Bc4 Ra8 28.
Rab1 Kg7 29. Nd3 Nxd3 30. Rxd3 Rd8 31. Rxd8 Nxd8 32. Qe2 Nb7 33. Bb6 Nxa5 34.
Bxa6 Qa3 35. Qd3 Qxd3 36. Bxd3 Nb7 37. Bf2 Nd6 38. Bc5 Ra5 39. Bb4 Ra7 40. Rc1
Rc7 41. Ba5 Ra7 42. Bb4 Nf7 43. Bxf8+ Kxf8 44. Rxc6 Ke7 45. Bc4 Nd6 46. Bd5 Kd7
47. Rb6 Rc7 48. h4 f5 49. Rb8 Ne8 50. exf5 gxf5 51. Be6+ Kxe6 52. Rxe8+ Kd5 53.
Rd8+ Ke6 54. Kf2 e4 55. Kg3 Rg7+ 56. Kf2 1/2-1/2

[Event "XXVII C.to Italiano a squadre A1"]
[Site "ITA"]
[Date "1995.??.??"]
[Round "?"]
[White "Iannaccone, Ernesto"]
[Black "Rossi, Carlo"]
[Result "1/2-1/2"]
[WhiteElo "2375"]
[BlackElo "2330"]
[PlyCount "93"]
[EventDate "1995.01.25"]

1. d4 Nc6 2. Nf3 d6 3. g3 g6 4. Bg2 Bg7 5. O-O f5 6. d5 Ne5 7. Nxe5 dxe5 8. c4
Nf6 9. Nc3 O-O 10. c5 Kh8 11. b4 e4 12. Rb1 e6 13. dxe6 Qe8 14. Qc2 Bxe6 15. f3
exf3 16. exf3 Bc4 17. Rd1 Rd8 18. Bf4 Nh5 19. Bg5 Rxd1+ 20. Rxd1 h6 21. Bc1
Bd4+ 22. Kh1 g5 23. Ne2 Qxe2 24. Qxe2 Bxe2 25. Rxd4 Bb5 26. Kg1 Re8 27. Rd1 Kh7
28. Bb2 Re2 29. Bc3 Rc2 30. Be5 Rxa2 31. Bxc7 Bc6 32. Bh3 Ng7 33. Be5 h5 34.
Bf1 a6 35. Bc4 Rc2 36. Bd5 Bxd5 37. Rxd5 Rc1+ 38. Kf2 Rc2+ 39. Ke3 f4+ 40. gxf4
Nf5+ 41. Kd3 Rxh2 42. fxg5 Rf2 43. Rd7+ Kg6 44. Rxb7 Rxf3+ 45. Ke4 Rf1 46. Kd5
h4 47. Rb6+ 1/2-1/2

[Event "XXVII C.to Italiano a squadre A1"]
[Site "ITA"]
[Date "1995.??.??"]
[Round "?"]
[White "Ianniello, Riccardo"]
[Black "Borgo, Giulio"]
[Result "1/2-1/2"]
[WhiteElo "2320"]
[BlackElo "2345"]
[PlyCount "91"]
[EventDate "1995.01.25"]

1. e4 c5 2. Nf3 Nc6 3. Bc4 e6 4. Qe2 d6 5. c3 Nf6 6. Bb3 Be7 7. O-O d5 8. e5
Nd7 9. d4 b6 10. Ba4 Bb7 11. Be3 Rc8 12. Nbd2 cxd4 13. Bxd4 Nc5 14. Bb5 O-O 15.
Be3 Qc7 16. Bf4 a6 17. Bxc6 Bxc6 18. Nd4 Bd7 19. Rfe1 Rfe8 20. Qf3 Na4 21. Rab1
b5 22. a3 a5 23. Qg4 Bf8 24. Re3 f5 25. exf6 e5 26. f7+ Kxf7 27. Qh5+ Kg8 28.
Bxe5 Qd8 29. f4 b4 30. axb4 axb4 31. cxb4 Qb6 32. Rg3 g6 33. Kh1 Bg7 34. Qh4
Bxe5 35. fxe5 Rxe5 36. Rf1 Rce8 37. Qf4 R5e7 38. Rgf3 Nxb2 39. Qh6 Rg7 40. Qf4
Qd8 41. Qd6 Bg4 42. Qxd8 Rxd8 43. Rf4 Bd7 44. Rf6 Re7 45. Rb1 Kg7 46. Rd6
1/2-1/2

[Event "XXVII C.to Italiano a squadre A1"]
[Site "ITA"]
[Date "1995.??.??"]
[Round "?"]
[White "Iotti, Pierluigi"]
[Black "Rigatti, Giorgio"]
[Result "1/2-1/2"]
[WhiteElo "2275"]
[BlackElo "1848"]
[PlyCount "120"]
[EventDate "1995.01.25"]

1. d4 c5 2. e3 Nf6 3. Nf3 g6 4. Be2 Bg7 5. O-O O-O 6. Nbd2 cxd4 7. exd4 d5 8.
Bd3 Nc6 9. c3 Qc7 10. Re1 Re8 11. Nf1 e5 12. Nxe5 Nxe5 13. dxe5 Rxe5 14. Bf4
Rxe1 15. Bxc7 Rxd1 16. Rxd1 Be6 17. Bb1 Rc8 18. Be5 Ng4 19. Bxg7 Kxg7 20. f4 h5
21. Bc2 Rc7 22. Bb3 Rc5 23. h3 Nf6 24. Ne3 a5 25. Rd4 Kf8 26. Kf2 Ke7 27. Kf3
Rb5 28. g4 hxg4+ 29. hxg4 Kd6 30. f5 gxf5 31. gxf5 Bd7 32. Kf4 Rc5 33. Bd1 Rc8
34. Bf3 Bc6 35. Nc4+ Ke7 36. Nxa5 Rh8 37. Rb4 Rh4+ 38. Ke3 Rxb4 39. Nxc6+ bxc6
40. cxb4 Kd6 41. Kd4 Nd7 42. b3 f6 43. a4 Nb6 44. Bh5 Nd7 45. Be8 Nb6 46. a5
Nc8 47. b5 cxb5 48. Bxb5 Ne7 49. b4 Nxf5+ 50. Kc3 Ne7 51. Be8 f5 52. b5 Kc5 53.
Kd3 f4 54. Bd7 Kd6 55. a6 Kc7 56. a7 Kb7 57. b6 Ka8 58. Kd4 Kb7 59. Bg4 Nc6+
60. Kxd5 Nxa7 1/2-1/2

[Event "XXVII C.to Italiano a squadre A1"]
[Site "ITA"]
[Date "1995.??.??"]
[Round "?"]
[White "Kovacevic, Vladimir"]
[Black "Lucaroni, Massimiliano"]
[Result "1-0"]
[WhiteElo "2265"]
[BlackElo "2280"]
[PlyCount "87"]
[EventDate "1995.01.25"]

1. d4 Nf6 2. Nf3 c5 3. e3 e6 4. Bd3 d5 5. O-O Nc6 6. b3 Bd6 7. Bb2 O-O 8. Nbd2
Qe7 9. c4 b6 10. Rc1 Bb7 11. Qe2 Rfd8 12. Rfd1 Rac8 13. Bb1 e5 14. cxd5 Nxd5
15. dxc5 Bxc5 16. Nc4 Ba6 17. Be4 Nf6 18. Bxc6 Rxc6 19. Rxd8+ Qxd8 20. Rd1 Rd6
21. Rxd6 Bxd6 22. Bxe5 Bxc4 23. bxc4 Bxe5 24. Nxe5 Qd6 25. f4 g6 26. Qd3 Qxd3
27. Nxd3 Ne4 28. Ne5 Nd6 29. Kf2 f6 30. Nd7 Kf7 31. c5 Ne4+ 32. Kf3 Nxc5 33.
Nxc5 bxc5 34. e4 Ke6 35. Ke3 Kd6 36. Kd3 g5 37. g3 h5 38. h4 gxf4 39. gxf4 Kc6
40. Kc4 Kd6 41. Kb5 a6+ 42. Kc4 a5 43. a4 Kc6 44. e5 1-0

[Event "XXVII C.to Italiano a squadre A1"]
[Site "ITA"]
[Date "1995.??.??"]
[Round "?"]
[White "Lostuzzi, Manlio"]
[Black "Castelfranchi, Carlo"]
[Result "1-0"]
[WhiteElo "2325"]
[BlackElo "2255"]
[PlyCount "127"]
[EventDate "1995.01.25"]

1. c4 Nf6 2. Nc3 d5 3. cxd5 Nxd5 4. g3 c5 5. Bg2 Nc7 6. d3 Nc6 7. Bxc6+ bxc6 8.
Qa4 Bd7 9. Be3 e5 10. Nf3 f6 11. Qa5 Ne6 12. Qxd8+ Rxd8 13. Rc1 Nd4 14. Nd2 Rb8
15. b3 Be6 16. Na4 Bd5 17. f3 Rb5 18. Ne4 Bxe4 19. fxe4 Bd6 20. Rc4 h5 21. Bf2
Kd7 22. Kd2 Ra5 23. Rhc1 Rb8 24. Kd1 Rbb5 25. Be1 Ra6 26. Bd2 Rb8 27. h3 Rf8
28. e3 Ne6 29. Ke2 Rc8 30. Rf1 Bc7 31. Bc1 Bd6 32. Bd2 Rb8 33. Kf2 Bc7 34. Rd1
Bd6 35. Kg2 Ke7 36. Bc1 Rb4 37. Rc2 Rb5 38. Ba3 Kd7 39. Rdc1 Raa5 40. Rc4 Ra6
41. R1c2 Rba5 42. Kf1 Rb5 43. h4 Raa5 44. Kg2 Ra6 45. Kh3 Ke7 46. g4 hxg4+ 47.
Kxg4 Kf7 48. d4 exd4 49. exd4 Rba5 50. Bxc5 Bxc5 51. dxc5 Rb5 52. h5 Rb7 53.
Rd2 Ra5 54. Rd6 Rc7 55. Kf5 Nf8 56. e5 fxe5 57. Kxe5 Nd7+ 58. Kf5 Rb5 59. h6
Rb8 60. hxg7 Rg8 61. Rcd4 Ke7 62. Rxd7+ Rxd7 63. Rxd7+ Kxd7 64. Kf6 1-0